000 00647nam a2200277Ia 4500
005 20260324130142.0
008 008 260324s9999 xx 000 0 eng d
020 _a9781003122838
037 _aEBOOK
040 _aCRL
040 _beng
040 _cCRL
041 _2eng
041 _aeng
084 _qCRL
100 _aRhidian Thomas
_91178180
245 0 _aLegal Issues Relating to Time Charterparties
260 _bTaylor and Francis
260 _c2008
365 _a
365 _b630
856 _uhttp://www.taylorfrancis.com/books/9781003122838
942 _cEBOOK
999 _c1776615
_d1776615